[Event "COL-ch disabled 2nd"]
[Site "Cali"]
[Date "2008.10.25"]
[Round "1.13"]
[White "Soto, Hoover"]
[Black "Navarro, Jackson"]
[Result "1-0"]
[WhiteElo "1612"]
[BlackElo "1600"]
[PlyCount "29"]
[EventDate "2008.10.25"]
[EventType "swiss"]
[EventRounds "7"]
[EventCountry "COL"]
[SourceTitle "EXT 2024"]
[Source "ChessBase"]
[SourceDate "2023.10.10"]
[SourceVersion "1"]
[SourceVersionDate "2023.10.10"]
[SourceQuality "1"]

1. e4 e6 2. Nf3 Bc5 3. d4 Bb6 4. c4 a6 5. Nc3 Nf6 6. e5 Ng8 7. a3 h6 8. Bd3 Ne7 9. 0-0 g5 10. Ne4 Ng8 11. Ne1 d6 12. Bc2 Bd7 13. Kh1 f5 14. Qh5+ Kf8 15. Nxg5 1-0